000 00343cam a22001097a 4500
008 180718b1962 xxu||||| |||| 00| 0 eng d
082 _aP528x54 In2
245 _aReport on examination reform
_cby University Grants Commission, India
260 _aNew Delhi
_bNew Age Press
_c1962
300 _a115p.
700 _aIndia. University Grants Commission
999 _c494866
_d494866